Ils ont joués en L1 (Mort subite) - Statistiques

Statistiques générales
  • Ce quiz a été pris 193 fois
    192 depuis la dernière actualisation
  • Le résultat moyen est 12 sur 15
Answers on the Grid
Answers color-coded by a green-red scale on the quiz's grid according to % correct below.
Zlatan Ibrahimovic
Lionel Messi
David Beckham
Chris Waddle
Jorge Burruchaga
Fernando Morientes
Rudi Völler
Juninho
Ronaldinho
Pauleta
Enzo Francescoli
Keylor Navas
Neymar
Eden Hazard
Memphis Depay
Antoine Griezmann
Samuel Eto'o
Robin Van Persie
Ruud van Nistelrooy
Harry Kane
Robert Lewandowski
Mohamed Salah
Gary Lineker
Pelé
Luis Figo
Erling Haaland
Marco Van Basten
Franz Beckenbauer
Diego Maradona
Cristiano Ronaldo
 
Statistiques - réponses
Réponse % Correct
Neymar
93%
Pauleta
89%
Memphis Depay
88%
Keylor Navas
87%
Juninho
86%
Lionel Messi
86%
Zlatan Ibrahimovic
86%
Eden Hazard
85%
Ronaldinho
84%
David Beckham
83%
Chris Waddle
67%
Enzo Francescoli
60%
Rudi Völler
58%
Fernando Morientes
55%
Jorge Burruchaga
47%
Aucun quiz correspondant
Distribution des résultats
% des personnes avec chaque résultat
Percentile par nombre de réponses
Votre historique - résultats
Vous n’avez pas pris ce quiz depuis la dernière actualisation